Every Country to win an Olympic Medal: Table Tennis - Statistics

General Stats
  • This quiz has been taken 41 times
  • The average score is 8 of 12
Answer Stats
# of Medals Country % Correct
66 China
100%
10 Japan
97%
20 South Korea
97%
4 France
89%
9 Germany
89%
5 North Korea
80%
5 Sweden
71%
1 Denmark
51%
2 Hong Kong
43%
3 Singapore
40%
3 Chinese Taipei
34%
2 Yugoslavia
26%
No matching quizzes found
Score Distribution
Percent of People with Each Score
Percentile by Number Answered
Your Score History
You have not taken this quiz